| 000 | 01057nam a22002537a 4500 | ||
|---|---|---|---|
| 003 | OSt | ||
| 005 | 20250910093640.0 | ||
| 008 | 240226b ||||| |||| 00| 0 eng d | ||
| 040 | _c0 | ||
| 082 | _aDPer 621.317 Ie21 June 2022 v. 37 n. 6 | ||
| 100 |
_aWang, Yuchen. _eauthor. _953346 |
||
| 245 |
_aA forward compensation method to eliminate DC phase error in SRF-PLL / _cYuchen Wang, Hengliang Zhang, Kai Liu, Mingjin Hu, Zheng Wu, Chao Zhang, and Wei Hua. |
||
| 260 |
_aNew York ; _bThe Institute of Electrical and Electronics Engineers, Inc. , _cJune 2022. |
||
| 300 |
_aVolume 37, pages 6280-6284 : _billustration ; _c29 cm. |
||
| 500 | _aIEEE Transactions on Power Electronics, vol. 37, no. 6, pages 6280-6284, June 2022. | ||
| 700 |
_aWang, Yuchen. _eauthor. _953346 |
||
| 700 |
_aZhang, Hengliang. _eauthor. _953347 |
||
| 700 |
_aLiu, Kai. _eauthor. _953348 |
||
| 700 |
_aHu, Mingjin. _eauthor. _953349 |
||
| 700 |
_aWu, Zheng. _eauthor. _953350 |
||
| 700 |
_aZhang, Chao. _eauthor. _953351 |
||
| 700 |
_aHua, Wei. _eauthor. _953352 |
||
| 942 |
_2ddc _cPER |
||
| 999 |
_c19359 _d19359 |
||